Statistics for MLB silver 1B Silver slugger winners American Leauge

Click here to take the quiz!

General Stats

  • This quiz has been taken 20 times
  • The average score is 23 of 41

Answer Stats

HintAL% Correct
1991Cecil Fielder
87%
1990Cecil Fielder
87%
2012Prince Fielder
87%
2009Mark Teixeira
73%
2004Mark Teixeira
73%
2005Mark Teixeira
73%
2016Miguel Cabrera
73%
2015Miguel Cabrera
73%
2010Miguel Cabrera
73%
2021Vladimir Guerrero Jr.
73%
1987Don Mattingly
67%
1986Don Mattingly
67%
1985Don Mattingly
67%
1984Eddie Murray
67%
1983Eddie Murray
67%
1993Frank Thomas
67%
1994Frank Thomas
67%
2001Jason Giambi
67%
1997Tino Martinez
67%
1996Mark Mcgwire
60%
1992Mark Mcgwire
60%
1989Fred Mcgriff
53%
2014Jose Abreu
53%
2020Jose Abreu
53%
2018Jose Abreu
53%
1982Cecil Cooper
47%
1981Cecil Cooper
47%
1980Cecil Cooper
47%
2013Chris Davis
47%
1988George Brett
47%
1998Rafael Palmeiro
47%
1999Carlos Delgado
40%
2003Carlos Delgado
40%
2000Carlos Delgado
40%
2017Eric Hosmer
40%
1995Mo Vaughn
40%
2011Adrian Gonzalez
33%
2007Carlos Pena
33%
2006Justin Morneau
27%
2008Justin Morneau
27%
2019Carlos Santana
13%

Score Distribution

Percentile by Number Answered

Percent of People with Each Score

Your Score History

You have not taken this quiz